LEADER 01392nam a2200325 u 4500 001 000000057312 003 CaOOAMICUS 005 20070226120553.0 008 010507s1988 it u000 u ita u 035 $a10887489 040 $aPUL(R)$bita 041 1 $aita$hger 100 1 $aAuer, Johann,$d1910-1989.$0(OLS)http://pul/name/12641 240 10$aKirche : das allgemeine Heilssakrament.$lItaliano.$0(OLS)http://pul/title/76728 245 13$aLa Chiesa :$b[universale sacramento di salvezza ] /$cJohann Auer ; edizione italiana a cura di Carlo Molari. 260 $aAssisi :$bCittadella,$cc1988. 300 $a637 p. ;$c19 cm 490 1 $aPiccola dogmatica cattolica ;$v8 500 $aCompl. del tit. dalla cop. 504 $aBibliografia: p. 617-637. 650 4$aSalvezza.$0(OLS)http://pul/subject/2067 650 4$aChiesa (teologia).$0(OLS)http://pul/subject/10200 700 1 $aMolari, Carlo,$d1928-$0(OLS)http://pul/name/12620 830 0$aPiccola dogmatica cattolica ;$v8.$0(OLS)http://pul/title/75297 850 $aPUL 852 $aPUL$W1$xSL Religione 1$y3$m62 C 56$j74997$nBK-PRI$b $qStampati$B74997$CPULBib$Z2$F74997 $H $81 941 1 $a8 961 $aINV: 66259 996 $6245$aLa Chiesa :$b[universale sacramento di salvezza ]$9(OLS)http://pul/title/76729 996 $6260$aAssisi :$bCittadella$9(OLS)http://pul/publisher/49668 LEADER 01819nam a2200349 u 4500 001 000000061461 003 CaOOAMICUS 005 20070226121027.0 008 010907s1997 it u000 u ita u 020 $a8846400445 035 $a10901812 040 $aPUL$bita 041 1 $aita$hger 100 1 $aScheler, Max,$d1874-1928.$0(OLS)http://pul/name/5354 240 10$aErkenntnis und Arbeit : eine Studie über Wert und Grenzen des pragmatischen Motivs in der Erkenntnis der Welt.$lItaliano.$0(OLS)http://pul/title/82057 245 10$aConoscenza e lavoro :$buno studio sul valore e sui limiti del motivo pragmatico nella conoscenza del mondo /$cMax Scheler ; presentazione di Gianfranco Morra ; traduzione e saggio introduttivo di Leonardo Allodi. 260 $aMilano :$bF. Angeli,$cc1997. 300 $a333 p. ;$c24 cm 490 1 $aLaboratorio sociologico.$aTeoria, Epistemologia, Metodo ;$v14 504 $aBibliografia in nota. 650 4$aConoscenza.$0(OLS)http://pul/subject/6941 650 4$aLavoro (sociologia).$0(OLS)http://pul/subject/11062 700 1 $aAllodi, Leonardo,$d1956-$0(OLS)http://pul/name/41947 700 1 $aMorra, Gianfranco.$0(OLS)http://pul/name/505 830 0$aLaboratorio sociologico.$pTeoria, Epistemologia, Metodo ;$v14.$0(OLS)http://pul/title/65295 850 $aPUL 852 $aPUL$W1$xDP2 Filosofia 3$y112$m121 SCHMA 1$j176851$nBK-PRI$b $qDDC 21$B80076$CPULBib$Z2$F80076 $H85226 $81 941 1 $a9 961 $aprecedente collocazione: Fil 128 14 996 $6020$a8846400445$9(OLS)http://pul/number/79648 996 $6245$aConoscenza e lavoro :$buno studio sul valore e sui limiti del motivo pragmatico nella conoscenza del mondo$9(OLS)http://pul/title/82058 996 $6260$aMilano :$bF. Angeli$9(OLS)http://pul/publisher/48323